Länder Asiens ohne Karte - Statistiken

Allgemein
  • Dieses Quiz wurde 96 mal gespielt
    68 seit der letzten Aktualisierung
  • Das Durchschnittsergebnis liegt bei 43 aus 49
Antwortstatistiken
Hint Antwort % Korrekt
C China
98%
I Israel
95%
I Indonesien
95%
J Jemen
95%
A Afghanistan
93%
J Jordanien
93%
O Oman
93%
G Georgien
91%
I Indien
91%
J Japan
91%
N Nordkorea
91%
T Turkmenistan
91%
I Irak
89%
I Iran
89%
K Kasachstan
89%
K Kirgisistan
89%
S Saudi-arabien
89%
S Südkorea
89%
A Armenien
87%
A Aserbaidschan
87%
B Bangladesch
87%
L Laos
87%
P Pakistan
87%
U Usbekistan
87%
B Bhutan
85%
K Kambodscha
85%
M Malaysia
85%
N Nepal
85%
O Osttimor
85%
R Russland
85%
S Singapur
85%
T Türkei
85%
B Brunei
84%
K Kuwait
84%
M Mongolei
84%
S Sri Lanka
84%
T Taiwan
84%
T Thailand
84%
V Vereinigte Arabische Emirate
84%
V Vietnam
84%
Z Zypern
84%
B Bahrain
82%
K Katar
82%
M Myanmar
82%
S Syrien
82%
T Tadschikistan
82%
L Libanon
80%
P Philippinen
80%
M Malediven
73%
Keine übereinstimmenden Quizze gefunden
Verteilung der Resultate
Anzahl Personen mit jedem Resultat
Perzentil nach korrekt beantworteten Fragen
Ihre Resultats-Entwicklung
Sie haben dieses Quiz seit der letzten Aktualisierung nicht gespielt